000 00889cam a22002653a 4500
001 7291
003 PGUSA
005 20140828083143.0
008 050101s2005||||xxu|||||s|||||000 | eng d
040 _aPGUSA
_beng
042 _adc
050 4 _aN
100 1 _aRuskin, John,
_d1819-1900
245 1 4 _aThe Two Paths
_h[electronic resource] /
_cJohn Ruskin
260 _bProject Gutenberg,
_c2005
505 0 _aThe deteriorative power of conventional art over nations -- The unity of art -- Modern manufacture and design -- The influence of imagination in architecture -- The work of iron, in nature, art, and policy.
506 _aPublic domain in the USA.
516 _aElectronic text
653 _aArt
653 _aDecorative arts
653 _aDecoration and ornament
830 0 _aProject Gutenberg
_v7291
856 4 0 _uhttp://www.gutenberg.org/ebooks/7291
942 _cEB
999 _c236611
_d236611